| 000 | 00360nam a2200121Ia 4500 | ||
|---|---|---|---|
| 008 | 220216s9999 xx 000 0 und d | ||
| 100 | _aFlint C F | ||
| 245 | 0 | _aImprovement in the relation of hot tear resistance to heat build-up by factice-compensated cure of SBR | |
| 260 |
_bIRI Transactions _c1962 |
||
| 300 | _aT16-T22 | ||
| 700 | _aInch D L | ||
| 942 | _cJS | ||
| 999 |
_c60861 _d60861 |
||